[Event "Kadettlandskamp NOR-SWE A 2018"]
[Site "NTG, Bærum, Norway"]
[Date "2018.12.16"]
[Round "12.6"]
[White "Wernberg, Hugo"]
[Black "Lund, Gunnar"]
[Result "1/2-1/2"]
[WhiteFideId "1737511"]
[BlackFideId "1520814"]
[WhiteElo "1796"]
[BlackElo "2006"]

1. e4 {[%clk 00:15:16]} {[%emt 00:00:04]} b6 {[%clk 00:15:18]} {[%emt
00:00:03]} 2. b3 {[%clk 00:15:18]} {[%emt 00:00:08]} Bb7 {[%clk 00:15:25]}
{[%emt 00:00:02]} 3. Nc3 {[%clk 00:15:24]} {[%emt 00:00:04]} g6 {[%clk
00:15:33]} {[%emt 00:00:02]} 4. Bb2 {[%clk 00:15:33]} {[%emt 00:00:01]} Bg7
{[%clk 00:15:42]} {[%emt 00:00:01]} 5. d4 {[%clk 00:15:35]} {[%emt 00:00:08]}
e6 {[%clk 00:15:51]} {[%emt 00:00:01]} 6. Nf3 {[%clk 00:15:36]} {[%emt
00:00:09]} Ne7 {[%clk 00:15:59]} {[%emt 00:00:02]} 7. Be2 {[%clk 00:15:45]}
{[%emt 00:00:02]} O-O {[%clk 00:16:07]} {[%emt 00:00:01]} 8. O-O {[%clk
00:15:53]} {[%emt 00:00:02]} d5 {[%clk 00:16:16]} {[%emt 00:00:01]} 9. exd5
{[%clk 00:15:32]} {[%emt 00:00:31]} exd5 {[%clk 00:16:22]} {[%emt 00:00:04]} 10.
Nb1 {[%clk 00:15:33]} {[%emt 00:00:10]} Nd7 {[%clk 00:16:24]} {[%emt 00:00:07]}
11. Nbd2 {[%clk 00:15:40]} {[%emt 00:00:03]} Nf6 {[%clk 00:16:33]} 12. Ne5
{[%clk 00:15:34]} {[%emt 00:00:16]} Nf5 {[%clk 00:16:36]} {[%emt 00:00:07]} 13.
Bd3 {[%clk 00:15:24]} {[%emt 00:00:20]} Nd6 {[%clk 00:16:43]} {[%emt 00:00:02]}
14. Re1 {[%clk 00:15:11]} {[%emt 00:00:24]} Nfe4 {[%clk 00:16:43]} {[%emt
00:00:10]} 15. Nxe4 {[%clk 00:14:47]} {[%emt 00:00:34]} dxe4 {[%emt 00:00:10]}
16. Bf1 {[%clk 00:14:50]} {[%emt 00:00:05]} f5 {[%clk 00:16:48]} {[%emt
00:00:07]} 17. c4 {[%clk 00:13:57]} {[%emt 00:01:03]} Nf7 {[%clk 00:16:57]} 18.
Nxf7 {[%clk 00:14:01]} {[%emt 00:00:06]} Rxf7 {[%clk 00:17:06]} {[%emt
00:00:01]} 19. Qd2 {[%clk 00:13:58]} {[%emt 00:00:14]} Qf6 {[%clk 00:16:54]}
{[%emt 00:00:21]} 20. Rab1 {[%clk 00:13:59]} {[%emt 00:00:09]} Rd8 {[%clk
00:16:23]} {[%emt 00:00:40]} 21. d5 {[%clk 00:14:03]} {[%emt 00:00:07]} Qd6
{[%clk 00:16:32]} 22. Bxg7 {[%clk 00:14:10]} {[%emt 00:00:03]} Rxg7 {[%clk
00:16:39]} {[%emt 00:00:02]} 23. Qc3 {[%clk 00:14:04]} {[%emt 00:00:17]} c6
{[%clk 00:16:37]} {[%emt 00:00:09]} 24. dxc6 {[%clk 00:13:51]} {[%emt
00:00:26]} Qxc6 {[%clk 00:16:46]} {[%emt 00:00:01]} 25. Rbd1 {[%clk 00:13:30]}
{[%emt 00:00:31]} Rgd7 {[%clk 00:16:54]} {[%emt 00:00:02]} 26. Be2 {[%clk
00:13:28]} {[%emt 00:00:12]} e3 {[%clk 00:16:21]} {[%emt 00:00:43]} 27. f3
{[%clk 00:13:24]} {[%emt 00:00:15]} Qc5 {[%clk 00:16:11]} {[%emt 00:00:19]} 28.
b4 {[%clk 00:13:05]} {[%emt 00:00:28]} Qe7 {[%clk 00:15:44]} {[%emt 00:00:38]}
29. Rxd7 {[%clk 00:12:12]} {[%emt 00:01:04]} Qxd7 {[%clk 00:14:33]} {[%emt
00:01:21]} 30. Qxe3 {[%clk 00:12:12]} {[%emt 00:00:09]} Re8 {[%clk 00:14:27]}
{[%emt 00:00:15]} 31. Qf2 {[%clk 00:12:20]} {[%emt 00:00:03]} Qd2 {[%clk
00:14:27]} {[%emt 00:00:10]} 32. c5 {[%clk 00:10:25]} {[%emt 00:02:05]} Kg7
{[%clk 00:14:37]} 33. cxb6 {[%clk 00:10:12]} {[%emt 00:00:23]} axb6 {[%clk
00:14:45]} {[%emt 00:00:02]} 34. a3 {[%clk 00:10:12]} {[%emt 00:00:10]} Ba6
{[%clk 00:14:16]} {[%emt 00:00:40]} 35. Kf1 {[%clk 00:10:21]} {[%emt 00:00:01]}
Rxe2 {[%clk 00:14:11]} {[%emt 00:00:15]} 36. Rxe2 {[%clk 00:10:28]} {[%emt
00:00:03]} Qc1+ {[%clk 00:14:20]} {[%emt 00:00:01]} 37. Qe1 {[%clk 00:10:31]}
{[%emt 00:00:07]} Qxa3 {[%clk 00:14:26]} {[%emt 00:00:04]} 38. Kf2 {[%clk
00:09:58]} {[%emt 00:00:43]} Bxe2 {[%clk 00:14:34]} {[%emt 00:00:02]} 39. Kxe2
{[%clk 00:10:07]} {[%emt 00:00:02]} Qa2+ {[%clk 00:14:18]} {[%emt 00:00:24]} 40.
Kf1 {[%clk 00:10:04]} {[%emt 00:00:14]} Qc4+ {[%clk 00:14:27]} {[%emt
00:00:01]} 41. Kf2 {[%clk 00:09:50]} {[%emt 00:00:24]} Qd4+ {[%clk 00:14:34]}
{[%emt 00:00:02]} 42. Kf1 {[%clk 00:09:20]} {[%emt 00:00:40]} Qc4+ {[%clk
00:14:42]} {[%emt 00:00:02]} 43. Kf2 {[%clk 00:09:26]} {[%emt 00:00:05]} Qh4+
{[%clk 00:14:48]} {[%emt 00:00:04]} 44. Kf1 {[%clk 00:09:08]} {[%emt 00:00:27]}
Qxe1+ {[%clk 00:14:35]} {[%emt 00:00:25]} 45. Kxe1 {[%clk 00:09:18]} {[%emt
00:00:01]} Kf6 {[%clk 00:14:43]} {[%emt 00:00:02]} 46. Ke2 {[%clk 00:09:27]}
Ke5 {[%clk 00:14:52]} {[%emt 00:00:01]} 47. Kd3 {[%clk 00:09:36]} {[%emt
00:00:01]} Kd5 {[%clk 00:14:56]} {[%emt 00:00:05]} 48. Kc3 {[%clk 00:09:44]}
{[%emt 00:00:01]} g5 {[%clk 00:14:19]} {[%emt 00:00:47]} 49. Kd3 {[%clk
00:09:38]} {[%emt 00:00:17]} h5 {[%clk 00:14:05]} {[%emt 00:00:24]} 50. Kc3
{[%clk 00:08:50]} {[%emt 00:00:58]} g4 {[%clk 00:13:44]} {[%emt 00:00:31]} 51.
Kd3 {[%clk 00:08:54]} {[%emt 00:00:06]} b5 {[%clk 00:12:56]} {[%emt 00:00:58]}
52. Kc3 {[%clk 00:08:53]} {[%emt 00:00:10]} h4 {[%clk 00:12:09]} {[%emt
00:00:57]} 53. Kd3 {[%clk 00:08:49]} {[%emt 00:00:14]} Ke5 {[%clk 00:05:15]}
{[%emt 00:07:04]} 54. Ke3 {[%clk 00:08:52]} {[%emt 00:00:08]} Kd5 {[%clk
00:05:09]} {[%emt 00:00:16]} 55. Kd3 {[%clk 00:09:01]} {[%emt 00:00:02]} Ke5
{[%clk 00:05:17]} {[%emt 00:00:01]} 56. Ke3 {[%clk 00:09:10]} f4+ {[%clk
00:05:26]} {[%emt 00:00:02]} 57. Kd3 {[%clk 00:09:15]} {[%emt 00:00:05]} g3
{[%clk 00:04:31]} {[%emt 00:01:06]} 58. h3 {[%clk 00:09:23]} {[%emt 00:00:02]}
Kd5 {[%clk 00:04:39]} 59. Kc3 {[%clk 00:09:32]} Ke5 {[%clk 00:04:48]} 60. Kd3
{[%clk 00:09:42]} Kd5 {[%clk 00:04:57]} {[%emt 00:00:02]} 61. Kc3 {[%clk
00:09:51]} {[%emt 00:00:01]} 1/2-1/2